Statistiques concernant Départements Limitrophe de La Mayenne

Cliquez ici pour prendre le quiz!

Statistiques générales

  • Ce quiz a été pris 73 fois
  • Le résultat moyen est 4 sur 5

Statistiques - réponses

Départements% Correct
Sarthe
100%
Maine-et-Loire
95%
Orne
93%
Ille-et-Vilaine
77%
Manche
77%

Distribution des résultats

Percentile par nombre de réponses

% des personnes avec chaque résultat

Votre développement - résultats

Vous n’avez pas pris ce quiz